00533nam a2200181 a 45000010010000000030011000100080041000210350026000620820016000881000020001042450036001242600037001606500017001979420012002149520090002269980020003169990015003360000-9079ELIB.Books110520 1957  a(ELIB.Books)0000-9228 a225.7 bGut aGuthrie, Donald aTyndale (The Pastoral Epistles) bLondon: The Tyndale Press c1957 aCommentaries 2ddccBK 00102ddc4070aKBTSbKBTSd2011-05-20l0p8556r2022-01-22 00:00:00w2022-01-22yBK cbate2011-05-20 c9079d9079